000 00788nam a2200253Ia 4500
003 OSt
005 20220926015032.0
006 a|||||r|||| 00| 0
007 ta
008 220923b |||||||| |||| 00| 0 eng d
037 _cGeneral Book
040 _aRTL
_cRTL
_beng
041 _2eng
_aeng
082 _aXM5:95854.73.N5, J9
110 _aNational Industrial Conference Board (New York)
245 0 _aCompany medical and health programs
260 _aNew York
_bNICB
_c1959
300 _a60p
_ccm.
490 _aIts, Studies in Personnel Policy. Conference Board Reports
650 _aJoint Stock Company
700 _aNational Industrial Conference Board (New York)
942 _hXM5:95854.73.N5, J9
_cGB
_2CC
999 _c630451
_d630451